Municipis del Comtat - Estadísticas

Estadísticas generales
  • Esta prueba ha sido intentada 326 veces
  • La puntuación promedio es 15 de 24
Respuestas en el mapa
Las respuestas están codificadas por una escala verde-roja en el mapa de la prueba según el % correcto abajo.
 
Estadísticas de respuestas
Resposta % Correcto
Cocentaina
98%
Muro d'Alcoi
91%
Agres
81%
Alfafara
74%
Beniarrés
73%
Benilloba
68%
Planes
67%
Gaianes
66%
l'Alqueria d'Asnar
66%
Famorca
60%
Fageca
59%
l'Orxa
59%
Benillup
58%
Gorga
57%
Alcosser de Planes
55%
Balones
55%
Benimarfull
52%
Quatretondeta
51%
Alcoleja
49%
Millena
48%
Tollos
47%
Benimassot
44%
Benasau
41%
Almudaina
40%
No se encontraron pruebas coincidentes
Distribución de puntuación
Porcentaje de gente con cada puntuación
Porcentaje por número respondido
Historial de tus puntuaciones
No has intentado esta prueba.